01240cam a2200337 i 4500952014800000999001700148001000900165003000400174005001700178008004100195010001700236020001800253020001800271020002800289040002800317042000800345050002400353082002200377100003900399245010500438250002100543264003700564264001100601300003000612338002700642500006300669504006700732650002400799650003700823942004200860 00102ddc40708TOURISMaMESbMEScTOURISM d2022-10-11e54g700.00l0o658.83 MAL/Mp41663r2022-10-11 00:00:00v875.00w2022-10-11yBKzU2R4 c41617d4161720127682OSt20221010123124.0171103t20192010nyu b 001 0 eng  a 2017045383 a9789353433291 a9780134734842 a013473484Xq(hardcover) aDLCbengcDLCerdadDLC apcc00aHF5415.2b.M29 201900a658.83223bMAL/M1 aMalhotra, Naresh K.eauthor.9917310aMarketing research :ban applied orientation /cNaresh K. Malhotra, Georgia Institute of Technology. aSeventh Edition. 1aNew York, NY :bPearson,c[2019] 4c©2010 axxxii, 955 pages ;c29 cm avolumebnc2rdacarrier aRevised edition of the author's Marketing research, c2010. aIncludes bibliographical references (pages 781-823) and index. 0aMarketing research. 0aMarketing researchxMethodology. 2ddccBKh658.83iMAL/Mk658.83mMAL/M